• 首页
  • 本馆介绍
  • 公告通知
  • 最新文献
  • 馆藏检索
  • 电子资源
  • 读者导购
  • 参考咨询
  • 我的图书馆
  • 登录
  • 详细信息显示
  • 放入我的书架
  • 预约/预借图书
  • 作者相关作品
  • 分类相关作品
  • 丛书相关作品
  • 出版社相关作品

书目信息

  • 表格格式
  • 工作单格式
  • 卡片格式
题名:
日本语能力测试高分秘籍
    
 
作者: 柴红梅 , 王昱 编著
分册:   2级听解篇
出版信息: 北京   外文出版社  2009
页数: 219页
开本: 26cm
丛书名:
单 册:
中图分类: H360.41 , H369.9
科图分类:
主题词: 日语--水平考试--自学参考资料 , 日语--听说教学--水平考试--自学参考资料 , 日语 , 听说教学
电子资源:
ISBN: 978-7-119-05664-7
000 01053nam0 2200313 45
001 1132140015
005 20110315110819.42
010    @a978-7-119-05664-7@dCNY26.00
100    @a20110122d2009 em y0chiy50 ea
101 0  @achi@ajpn
102    @aCN@b110000
105    @aa z 000yy
106    @ar
200 1  @a日本语能力测试高分秘籍@ARi Ben Yu Neng Li Ce Shi Gao Fen Mi Ji@i2级听解篇@I2 Ji Ting Jie Pian@f柴红梅,王昱编著@FChai Hong Mei, Wang Yu Bian Zhu
210    @a北京@c外文出版社@d2009
215    @a219页@c图@d26cm@e附光盘1片
300    @a佳禾外语
307    @a附光盘:ISRC CN-M20-08-0105-0
330    @a本书根据日本语能力测试历年听解题的题型,分为秘籍讲解篇、模拟训练编和听力原文及答案。
606 0  @a日语@x水平考试@j自学参考资料
606 0  @a日语@x听说教学@x水平考试@j自学参考资料
606 0  @a日语
606 0  @a听说教学
690    @aH360.41@v4
690    @aH369.9@v4
701  0 @a柴红梅@AChai Hong Mei@4编著
701  0 @a王昱@AWang Yu@4编著
801  0 @aCN@bTANGWEI@c20110315
905    @b0533079-83@dH360.41@e473@f5
    
    日本语能力测试高分秘籍.2级听解篇/柴红梅,王昱编著.-北京:外文出版社,2009
    219页:图;26cm+附光盘1片
    佳禾外语
    
    ISBN 978-7-119-05664-7:CNY26.00
    本书根据日本语能力测试历年听解题的题型,分为秘籍讲解篇、模拟训练编和听力原文及答案。
●
相关链接 在E读中查询图书 在五车中查询图书 在当当中查询图书 在豆瓣中查询图书


正题名:日本语能力测试高分秘籍     索取号:H360.41/473         预约/预借

序号 登录号 条形码 馆藏地/架位号 状态 备注
1 0533079   205330792   第二样本阅览室/ [索取号:H360.41/473] 在馆    
2 0533080   205330809   第四借阅区/ [索取号:H360.41/473] 在馆    
3 0533081   205330818   外语系资料室/ [索取号:H360.41/473] 在馆    
4 0533082   205330827   第四借阅区/ [索取号:H360.41/473] 在馆    
5 0533083   205330836   第四借阅区/ [索取号:H360.41/473] 在馆    
唐山师范学院图书馆 欢迎您!
大连网信软件有限公司© 版权所有